书目信息 |
| 题名: |
马克思 恩格斯 和白拉克通信集
|
|
| 作者: | ;北京大学中文系文艺理论教研室 编 | |
| 分册: | ||
| 出版信息: | 北京 人民文学出版社 1986 |
|
| 页数: | 227页 | |
| 开本: | 20cm | |
| 丛书名: | ||
| 单 册: | ||
| 中图分类: | A569.1 , A13 | |
| 科图分类: | 08.142 | |
| 主题词: | 马列著作-文艺理论--高等学校--教材 , 文艺理论-马列著作--高等学校--教材 , 马恩著作--书信集 , 马恩著作--日记 , 马恩著作--函电 , 马恩著作--谈话 | |
| 电子资源: | ||
| ISBN: | 7-02-000952-2 | |
| 000 | 00954nam0 2200301 45 | |
| 001 | 1573241510 | |
| 005 | 20150207094721.26 | |
| 010 | @a7-02-000952-2@dCNY1.05 | |
| 100 | @a19970904e19971986kemy0chiy0121 ea | |
| 101 | 0 | @achi |
| 102 | @aCN@b110000 | |
| 105 | @ay z 000yy | |
| 200 | 10 | @a马克思 恩格斯 和白拉克通信集@Ama ke si en ge si he bai la ke tong xin ji@f北京大学中文系文艺理论教研室编 |
| 210 | @a北京@c人民文学出版社@d1986@h1997重印 | |
| 215 | @a227页@d20cm | |
| 300 | @a高等学校文科教材 | |
| 606 | @a马列著作-文艺理论@x高等学校@x教材 | |
| 606 | @a文艺理论-马列著作@x高等学校@x教材 | |
| 606 | 0 | @a马恩著作@x书信集 |
| 606 | 0 | @a马恩著作@x日记 |
| 606 | 0 | @a马恩著作@x函电 |
| 606 | 0 | @a马恩著作@x谈话 |
| 690 | @aA569.1@v3 | |
| 690 | @aA13@v4 | |
| 692 | @a08.142@v2 | |
| 711 | 02 | @a北京大学中文系文艺理论教研室@Abei jing da xue zhong wen xi wen yi li lun jiao yan shi@4编 |
| 801 | 0 | @aCN@bTSSF@c20150207 |
| 905 | @aZUCC@dA13@eJY4 | |
| 马克思 恩格斯 和白拉克通信集/北京大学中文系文艺理论教研室编.-北京:人民文学出版社,1986(1997重印) |
| 227页;20cm |
| 高等学校文科教材 |
| ISBN 7-02-000952-2:CNY1.05 |
| ● |
| 相关链接 |
|
|
|
|
正题名:马克思 恩格斯 和白拉克通信集
索取号:A13/JY4
 
预约/预借
| 序号 | 登录号 | 条形码 | 馆藏地/架位号 | 状态 | 备注 |
| 1 | 7837298 | 278372985 | 学院路分馆/ [索取号:A13/JY4] | 在馆 |